| 000 | 00414nam a2200157Ia 4500 | ||
|---|---|---|---|
| 003 | GCL | ||
| 008 | 140319s9999 xx 000 0 eng d | ||
| 040 |
_aGCL / _cGCL |
||
| 082 | 0 | 4 |
_a635.932 _bW N |
| 100 | 1 | _aWILSON, HELEN VAN PELT | |
| 245 | 1 | 0 |
_aTHE NEW PERENNIALS PREFERRED / _cWILSON, HELEN VAN PELT |
| 260 |
_a[S.N] : _bCOLLER BOOKS ، _c1992 |
||
| 300 | _a315 P | ||
| 650 | 0 | 4 | _aPERENNIALS |
| 942 |
_2ddc _cBK |
||
| 999 |
_c21068 _d21068 |
||